| 000 | 00585nam a22001337a 4500 | ||
|---|---|---|---|
| 008 | 230622b |||||||| |||| 00| 0 eng d | ||
| 040 |
_aNational Science Library _cNational Science Library |
||
| 080 |
_aI 628.1(1-22) _bM6 |
||
| 245 |
_aTechnology mission on drinking water in villages: _bMission oriented programme govt. of India _c/ Consolidated report of drinking water quality assessment studies Aizawl district Mizoram, Mirzapur district Uttar Pradesh |
||
| 260 |
_aLucknow: _bIndustrial Toxiology Research Centre, _c1987 |
||
| 300 | _a33p. | ||
| 650 | _aReport | ||
| 942 |
_2udc _cREP |
||
| 999 |
_c46087 _d46087 |
||